<?xml version="1.0" encoding="UTF-8"?>
<collection xmlns:xsi="http://www.w3.org/2001/XMLSchema-instance" xsi:schemaLocation="http://www.loc.gov/MARC21/slim http://www.loc.gov/standards/marcxml/schema/MARC21slim.xsd" xmlns="http://www.loc.gov/MARC21/slim">
 <record>
  <leader>00000caa a22000003a 4500</leader>
  <controlfield tag="001">UP-8027390931312519186</controlfield>
  <controlfield tag="003">Buklod</controlfield>
  <controlfield tag="005">20200415135728.0</controlfield>
  <controlfield tag="006">o--- |     ||   ||</controlfield>
  <controlfield tag="007">ta</controlfield>
  <controlfield tag="008">200415s        xx     d     r    |||| u|</controlfield>
  <datafield tag="035" ind1=" " ind2=" ">
   <subfield code="a">(iLib)UPCEB-00011919620</subfield>
  </datafield>
  <datafield tag="100" ind1="1" ind2=" ">
   <subfield code="a">Uhlhaas, P.J.</subfield>
  </datafield>
  <datafield tag="245" ind1="0" ind2="4">
   <subfield code="a">Perceptual organization in schizophrenia spectrum disorders</subfield>
   <subfield code="b">empirical research and theoretical implications.  [article].</subfield>
  </datafield>
  <datafield tag="300" ind1=" " ind2=" ">
   <subfield code="a">pp. 618-632</subfield>
  </datafield>
  <datafield tag="520" ind1=" " ind2=" ">
   <subfield code="a">The research into perceptual organization in schizophrenia spectrum disorders has found evidence for and against a perceptual organization deficit and has interpreted the data from within several different theoretical frameworks. A synthesis of this evidence, however, reveals that this body of work has produced reliable evidence for deficits in schizophrenia, as well as for the clinical, stimulus, and task parameters associated with normal and abnormal performance. Recent models of cognition have also advanced understanding of the underlying pathophysiological processes of perceptual organization dysfunction in schizophrenia spectrum disorders. These suggest that deficits in perceptual organization may be one manifestation of a wider disturbance in the integration of contextually related information across space and time. --  (from the author)</subfield>
  </datafield>
  <datafield tag="773" ind1="0" ind2=" ">
   <subfield code="a">Psychological Bulletin.</subfield>
   <subfield code="g">vol. 131, 4.  2005.</subfield>
  </datafield>
  <datafield tag="856" ind1=" " ind2=" ">
   <subfield code="u">https://doi.org/10.1037/0033-2909.131.4.618</subfield>
  </datafield>
  <datafield tag="942" ind1=" " ind2=" ">
   <subfield code="a">Analytics</subfield>
  </datafield>
 </record>
</collection>
